Zambia Weights and Measures Agency (ZW&MA) (Record no. 62412)

MARC details
000 -LEADER
fixed length control field 00589nam a2200145 a 4500
008 - FIXED-LENGTH DATA ELEMENTS--GENERAL INFORMATION
fixed length control field 101228s2010 ||||||||||||||||| || u
050 ## - LIBRARY OF CONGRESS CALL NUMBER
Classification number ZWMA(02)
110 ## - MAIN ENTRY--CORPORATE NAME
Corporate name or jurisdiction name as entry element Zambia Weights and Measures Agency (ZWMA)
245 10 - TITLE STATEMENT
Title Zambia Weights and Measures Agency (ZW&MA)
260 ## - PUBLICATION, DISTRIBUTION, ETC.
Place of publication, distribution, etc. Lusaka
Name of publisher, distributor, etc. Zambia Weights and Measures Agency (ZWMA)
Date of publication, distribution, etc. 2010
300 ## - PHYSICAL DESCRIPTION
Extent 11p.:ill.
350 ## - PRICE (NR) (BK AM CF MU VM SE) [OBSOLETE]
Price 0.00
650 ## - SUBJECT ADDED ENTRY--TOPICAL TERM
Topical term or geographic name entry element ZAMBIA WEIGHTS AND MEASURES AGENCY (ZWMA)
995 ## - RECOMMENDATION 995 [LOCAL, UNIMARC FRANCE]
-- 0.00
-- CBU-MAIN LIBRARY (Kitwe)
-- 1
-- 0.00
-- 1
-- AVAILABLE
-- Dec 30, 2010
-- Zambiana Collection
Holdings
Withdrawn status Lost status Source of classification or shelving scheme Damaged status Not for loan Home library Current library Shelving location Date acquired Total Checkouts Full call number Barcode Date last seen Price effective from Koha item type
          CBU-MAIN LIBRARY, KITWE. CBU-MAIN LIBRARY, KITWE.   11/30/2022   ZWMA(02) 03007497 11/30/2022 11/30/2022 MONOGRAPH